Le mamme che lavorano sono colpevoli? (Record n. 212154)
[ formato base ]
| 000 -LEADER | |
|---|---|
| fixed length control field | 01261nam a2200205Ia 4500 |
| 001 - CONTROL NUMBER | |
| control field | b5039-33065 |
| 003 - CONTROL NUMBER IDENTIFIER | |
| control field | IT-MiCISF |
| 008 - FIXED-LENGTH DATA ELEMENTS--GENERAL INFORMATION | |
| fixed length control field | 161014s9999||||xx |||||||||||||| ||und|| |
| 040 ## - CATALOGING SOURCE | |
| Original cataloging agency | IT-MiCISF |
| Transcribing agency | IT-MiCISF |
| 041 ## - LANGUAGE CODE | |
| Language code of text/sound track or separate title | it |
| 999 ## - SYSTEM CONTROL NUMBERS (KOHA) | |
| Koha Dewey Subclass [OBSOLETE] | si |
| 100 ## - MAIN ENTRY--PERSONAL NAME | |
| Personal name | Giampino Sylviane |
| 245 #0 - TITLE STATEMENT | |
| Title | Le mamme che lavorano sono colpevoli? |
| 250 ## - EDITION STATEMENT | |
| Edition statement | 1a ed. |
| 260 ## - PUBLICATION, DISTRIBUTION, ETC. (IMPRINT) | |
| Place of publication, distribution, etc. | Milano |
| Name of publisher, distributor, etc. | Salani |
| Date of publication, distribution, etc. | 2001 [Edizione originale: 2000] |
| 300 ## - PHYSICAL DESCRIPTION | |
| Extent | pp. 195 |
| 500 ## - GENERAL NOTE | |
| General note | / madre-lavoratrice, rapporti-madre-figli, crescita-bambini, ritmi-familiari / In questo libro, diviso in due parti, una più teorica e investigativa, l'altra più propositiva, l'A. fa il punto sulla nuova condizione femminile, in particolare quella delle mamme che lavorano. Nel testo l'A. cerca di scardinare molti stereotipi, utilizzando ricerche e testimonianze raccolte nel corso della sua attività di psicoterapeuta. Ad esempio il "senso di colpa" che molte mamme lavoratrici provano nei confronti dei propri figli può essere superato ricorrendo alla creatività, costruendo attorno al bambino, sin dai primi giorni della sua nascita, una solida rete affettiva, imparando a fidarsi degli altri. |
| 650 ## - SUBJECT ADDED ENTRY--TOPICAL TERM | |
| Topical term or geographic name as entry element | Genitorialità e problemi educativi / genitorialità |
| Relator term | 004 |
| 942 ## - ADDED ENTRY ELEMENTS (KOHA) | |
| Koha item type | LIBRO |
| 957 ## - | |
| -- | 1 |
| 999 ## - SYSTEM CONTROL NUMBERS (KOHA) | |
| -- | 1 |
| Withdrawn status | Lost status | Damaged status | Not for loan | Home library | Current library | Date acquired | Total Checkouts | Full call number | Date last seen | Price effective from | Koha item type | Public note |
|---|---|---|---|---|---|---|---|---|---|---|---|---|
| Buone Condizioni | Not For Loan | CISF - Milano | CISF - Milano | 14/10/2016 | b5039-33065 | 14/10/2016 | 14/10/2016 | LIBRO | Data import 15.10.2016 / by Epidotti, Vaglietti |